Języki na świecie - Statystyki

Ogólne statystyki
  • Ten quiz został rozwiązany 2 765 razy
    2 439 od ostatniego zresetowania
  • Średni wynik to 198 z 267
Statystyki odpowiedzi
Kraj Język % Poprawnych
| Antigua i Barbuda | Australia | +36 others angielski
98%
Argentyna | Boliwia | Chile | +16 others hiszpański
96%
Austria | Liechtenstein | Niemcy niemiecki
95%
Belgia | Benin | Burkina Faso | +26 others francuski
94%
Polska polski
94%
rosyjski
94%
Algeria | Arabia Saudyjska | Bahrajn | +16 others arabski
92%
Angola | Brazylia | Gwinea Bissau | +4 others portugalski
92%
Chiny | Singapur chiński
91%
włoski
88%
Japonia japoński
86%
Czechy czeski
85%
Korea Południowa | Korea Północna koreański
83%
Ukraina ukraiński
83%
Dania duński
81%
Cypr | Grecja grecki
81%
Słowacja słowacki
81%
turecki
81%
chorwacki
80%
Albania albański
79%
Białoruś białoruski
79%
Norwegia norweski
79%
Mołdawia | Rumunia rumuński
79%
szwedzki
79%
serbski
78%
Słowenia słoweński
76%
Estonia estoński
75%
Bułgaria bułgarski
74%
Łotwa łotewski
73%
Finlandia fiński
72%
Węgry węgierski
72%
Irlandia irlandzki
71%
Litwa litewski
71%
Islandia islandzki
70%
Wietnam wietnamski
70%
Republika Południowej Afryki afrikaans
68%
Macedonia Północna macedoński
66%
Indie hindi
65%
niderlandzki
64%
Gruzja gruziński
62%
Bośnia i Hercegowina bośniacki
61%
Mongolia mongolski
59%
Czarnogóra czarnogórski
58%
Indonezja indonezyjski
56%
Tajlandia tajski
56%
Izrael hebrajski
55%
Kazachstan kazachski
53%
Malta maltański
53%
Nepal nepalski
52%
dari
49%
Iran perski
48%
Uzbekistan uzbecki
48%
Somalia somalijski
44%
Azerbejdżan azerski
43%
Bangladesz bengalski
43%
Watykan łacina
43%
Andora kataloński
42%
Armenia ormiański
42%
kaszubski
40%
Tadżykistan tadżycki
39%
filipiński
37%
Birma | Mijanma birmański
35%
luksemburski
34%
Burnei | Malezja malajski
34%
Turkmenistan turkmeński
33%
Kirgistan kirgiski
31%
Samoa samoański
29%
Kenia | Tanzania suahili
29%
Malediwy malediwski
27%
Afganistan paszto
27%
Kambodża khmerski
25%
Nauru nauru
25%
Tonga tonga
24%
Pakistan urdu
24%
Laos laotański
22%
grenlandzki
19%
fidżi
17%
haitański
17%
tuvalu
16%
komorski
15%
tamilski
15%
kiribati
14%
Etiopia amharski
13%
farerski
13%
kreolski
13%
maoryski
13%
Bhutan dzongkha
12%
Eswatini suazi
12%
keczua
11%
Bostwana tswana
11%
sotho
10%
malgaski
9%
marszalski
8%
ajmara
6%
nowozelandzki język migowy
6%
ewe
4%
oromo
4%
tigrinia
4%
Timor Wschodni tetum
3%
bislama
2%
kabije
2%
kinya-ruanda
2%
Sri Lanka syngakeski
2%
niandża
1%
Nie znaleziono quizów pasujących do podanych kryteriów
Rozkład punktacji
Procent ludzi z każdym wynikiem
Percentyl według liczby udzielonych odpowiedzi
Twoja historia wyników
Nie rozwiązałeś tego quizu od ostatniego zresetowania